| 000 | 00646nam a22001937a 4500 | ||
|---|---|---|---|
| 003 | NUST-PNEC | ||
| 005 | 20170116180712.0 | ||
| 008 | 141015b xxu||||| |||| 00| 0 eng d | ||
| 020 | _a817833075X | ||
| 040 | _cPNEC | ||
| 082 | _a660.702 BOR | ||
| 100 |
_9591 _aBoard, Niir |
||
| 245 |
_aIndustrial chemicals technology handbook _cNiir Board |
||
| 260 |
_aDelhi : _bAsia Pacific Business Press, _c2003 |
||
| 300 |
_a516 p. : _b ill. ; _c22 cm. |
||
| 500 | _ahttp://www.amazon.com/INDUSTRIAL-CHEMICALS-TECHNOLOGY-HAND-BOOK/dp/817833075X/ref=sr_1_1?s=books&ie=UTF8&qid=1413350408&sr=1-1&keywords=817833075X | ||
| 650 | _xME | ||
| 942 |
_2ddc _cBK |
||
| 999 |
_c61022 _d61022 |
||